Lidské zdroje a fondy EU : Evropský sociální fond jako nástroj spolufinancování projektů v oblasti rozvoje lidských zdrojů /

Hlavní autor: Pavlák, Miroslav, 1964-
Jazyk: Čeština
Vydáno: Praha : ASPI, 2006
Vydání: Vyd. 1.
Témata:
Externí odkaz: Digitalizovaný dokument
Fyzický popis: 127 s. : il. ; 21 cm
Knihy
Uloženo v:
LEADER 02183nam a2200565 a 4500
001 nkc20051584601
003 CZ PrNK
005 20070620162019.0
007 ta
008 060403s2006 xr a e f 001 0 cze
015 |a cnb001584601 
020 |a 80-7357-139-0  |q (brož.) :  |c Kč 215,00 
035 |a (OCoLC)137329123 
040 |a ABA001  |b cze  |d BOA001 
043 |a e------ 
072 7 |a 005  |x Management. Řízení  |2 Konspekt  |9 4 
080 |a 331.108.23  |2 MRF 
080 |a 005.95/.96  |2 MRF 
080 |a 005.591  |2 MRF 
080 |a 005.591:336  |2 MRF 
080 |a 339.926  |2 MRF 
080 |a (4)  |2 MRF 
080 |a (035)  |2 MRF 
100 1 |a Pavlák, Miroslav,  |d 1964-  |7 jn20001005579  |4 aut 
245 1 0 |a Lidské zdroje a fondy EU :  |b Evropský sociální fond jako nástroj spolufinancování projektů v oblasti rozvoje lidských zdrojů /  |c Miroslav Pavlák 
250 |a Vyd. 1. 
260 |a Praha :  |b ASPI,  |c 2006 
300 |a 127 s. :  |b il. ;  |c 21 cm 
500 |a V knize neuvedena, ale pro CIP původně ohlášena edice: Možnosti EU 
500 |a V CIPu uvedeno vročení 2005 
504 |a Obsahuje bibliografii a rejstřík 
610 2 7 |a Evropský sociální fond  |7 kn20021211003  |2 czenas 
650 0 7 |a lidský kapitál  |7 ph122348  |2 czenas 
650 0 7 |a personální management  |7 ph115721  |2 czenas 
650 0 7 |a programy a projekty  |7 ph255086  |2 czenas 
650 0 7 |a financování programů a projektů  |7 ph166419  |2 czenas 
650 0 7 |a strukturální fondy  |7 ph126155  |z země Evropské unie  |2 czenas 
650 0 9 |a human capital  |2 eczenas 
650 0 9 |a personnel management  |2 eczenas 
650 0 9 |a programs and projects  |2 eczenas 
650 0 9 |a project financing  |2 eczenas 
650 0 9 |a structural funds  |z European Union countries  |2 eczenas 
655 7 |a příručky  |7 fd133209  |2 czenas 
655 9 |a handbooks and manuals  |2 eczenas 
856 4 1 |u http://www.digitalniknihovna.cz/mzk/uuid/uuid:5c65ee60-9775-11e5-a715-005056827e52  |y Digitalizovaný dokument  |x NDK 
910 2 |a BOA001  |b 2-1169.830 
990 |a BK 
995 |a 01 
991 |b 200606  |c NOV 
996 6 |b 2610279868  |c 2-1169.830  |l MZK  |r Sklad / do 1 hodiny  |n 27  |p p.v.  |w 000817366  |u 000010  |a 1  |e BOA001  |j MZK50  |s P